A könyvtáros elektronikus környezete

Elmentve itt :
Bibliográfiai részletek
Szerző: Kokas Károly
Dokumentumtípus: Cikk
Megjelent: 1991
Sorozat:KÖNYVTÁRI FIGYELŐ 37 No. 4
mtmt:2583765
Online Access:http://publicatio.bibl.u-szeged.hu/14651
LEADER 00724nab a2200193 i 4500
001 publ14651
005 20190529115644.0
008 190214s1991 hu o 0|| magyar d
022 |a 0023-3773 
024 7 |a 2583765  |2 mtmt 
040 |a SZTE Publicatio Repozitórium  |b hun 
041 |a magyar 
100 1 |a Kokas Károly 
245 1 2 |a A könyvtáros elektronikus környezete  |h [elektronikus dokumentum] /  |c  Kokas Károly 
260 |c 1991 
300 |a 577-587 
490 0 |a KÖNYVTÁRI FIGYELŐ  |v 37 No. 4 
856 4 0 |u http://publicatio.bibl.u-szeged.hu/14651/1/Akonyvtaroselektronikuskornyezete.pdf  |z Dokumentum-elérés  
856 4 0 |u http://publicatio.bibl.u-szeged.hu/14651/7/EPA00143_konyvtari_figyelo_1991_4.pdf  |z Dokumentum-elérés